Celebrity Guests on The Muppet Show - By Picture - Statistics

General Stats
  • This quiz has been taken 94 times
  • The average score is 12 of 24
Answer Stats
Picture Answer % Correct
Elton John
95%
Sylvester Stallone
88%
Mark Hamill
75%
Steve Martin
75%
Julie Andrews
69%
Liza Minnelli
68%
Alice Cooper
64%
John Denver
61%
Brooke Shields
55%
John Wayne
55%
Roger Moore
54%
Paul Simon
53%
John Cleese
51%
Bob Hope
50%
Peter Sellers
44%
Diana Ross
43%
Vincent Price
43%
George Burns
39%
Carol Burnett
34%
Harry Belafonte
30%
Raquel Welch
24%
Twiggy
15%
Ben Vereen
10%
Victor Borge
6%
No matching quizzes found
Score Distribution
Percent of People with Each Score
Percentile by Number Answered
Your Score History
You have not taken this quiz